Gaming Quiz

Random Gaming or Video Games Quiz
Score 0/33 Timer 06:00
0 Plays Today
City % Correct
Addis Ababa
100%
Gondar
71.4%
Dire Dawa
71.4%
Adama
57.1%
Harar
42.9%
Lalibela
42.9%
Axum
42.9%
Bahir Dar
42.9%
Mek'ele
42.9%
Awasa
42.9%
Jijiga
42.9%
Dessie
42.9%
Adwa
28.6%
Jimma
28.6%
Nekemte
28.6%
Asella
28.6%
Adigrat
28.6%
City % Correct
Shire
28.6%
Ziway
28.6%
Weldiya
28.6%
Debre Berhan
14.3%
Shashamane
14.3%
Debre Zeyit
14.3%
Sodo
14.3%
Hosaena
14.3%
Dila
14.3%
Debre Markos
14.3%
Kombolcha
14.3%
Debre Tabor
14.3%
Sebeta
14.3%
Ambo
14.3%
Gambela
14.3%
Negele Arsi
0%
Remove Ads.
Support Sporcle.
Get the best of Sporcle when you Go Orange. This ad-free experience offers more features, more stats, and more fun while also helping to support Sporcle. Thank you for becoming a member.

You're not logged in!

Compare scores with friends on all Sporcle quizzes.
OR
Log In

Sporcle TV

Today on Sporcle TV


Watch our educational content, quiz creation guides, and fun videos on Sporcle TV.

Show Comments

Extras

Top Quizzes Today


Score Distribution

Paid Content

Your Account Isn't Verified!

In order to create a playlist on Sporcle, you need to verify the email address you used during registration. Go to your Sporcle Settings to finish the process.

Report this User

Report this user for behavior that violates our Community Guidelines.

Details: